Sports Quiz

Random Sports or WWE Quiz

WWE Hall of Fame (Slideshow) Quiz Stats

Quiz not verified by Sporcle

Challenge
Share
Tweet
Score 0/97 Timer 15:00
0 Plays Today
% Correct
Andre the Giant
97.6%
Hulk Hogan
86.1%
Bret Hart
84.7%
Roddy Piper
84.4%
Sergeant Slaughter
83.6%
Ric Flair
83.6%
Steve Austin
83.3%
Jimmy Snuka
81.8%
Shawn Michaels
81.8%
Curt Hennig
81.4%
Ted Dibiase
81.3%
Eddie Guerrero
81.1%
Edge
80.9%
Mike Tyson
80.6%
Jerry Lawler
80.4%
The Road Warriors and Paul Ellering
80%
Donald Trump
79%
Dusty Rhodes
78.9%
The Iron Sheik
78.8%
Yokozuna
78.3%
Jimmy Hart
78.3%
Junk Yard Dog
78%
Jim Duggan
77.7%
Booker T
77.7%
Ricky Steamboat
76.8%
Bobby Heenan
75.6%
Bob Orton
75.5%
The Fabulous Moolah
74.6%
Trish Stratus
74.6%
The Four Horsemen
74.4%
George Steele
74.4%
Mean Gene Okerlund
74.1%
Mr Fuji
73.4%
% Correct
Ron Simmons
73.4%
Gorilla Monsoon
73.4%
Jim Ross
72.5%
Mae Young
72.3%
Drew Carey
71.9%
Koko B Ware
71%
Jesse Ventura
71%
Big John Studd
69.6%
Bob Backlund
69%
Pete Rose
68.6%
Howard Finkel
67.7%
Captain Lou Albano
67.6%
The Wild Samoans
66.4%
The Von Erichs
66.3%
Harley Race
65.8%
Sunny
65.5%
Greg Valentine
65.4%
Chief Jay Strongbow
64.8%
Rocky Johnson
64.8%
Sensational Sherri
64.4%
Nikolai Volkoff
64.2%
Bruno Sammartino
63.3%
Vincent J McMahon
62.4%
Mick Foley
61.7%
The Brisco Brothers
61.7%
Abdullah the Butcher
61.5%
William Perry
58.8%
Paul Orndorff
58.7%
Superstar Billy Graham
57.5%
Tito Santana
57.4%
The Sheik
56.4%
Pat Patterson
56.2%
Buddy Rogers
55.9%
% Correct
Freddie Blassie
55.4%
The Blackjacks
54.5%
Tony Atlas
53.3%
Don Muraco
52.5%
Peter Maivia
50.4%
Wendi Richter
50.4%
Mil Mascaras
49.2%
Bobo Brazil
49.1%
Ernie Ladd
47.8%
Gorgeous George
47.8%
Killer Kowalski
46.2%
The Grand Wizard
45.9%
Pedro Morales
44.6%
Bob Uecker
43.6%
Maurice Vachon
43.2%
Antonio Inoki
42.3%
The Funks
39.9%
Ivan Putski
39.3%
Nick Bockwinkel
38%
Gordon Solie
37.1%
The Valiant Brothers
32.2%
Verne Gagne
30.5%
Arnold Skaaland
29.2%
Bill Watts
29%
Antonino Rocca
28.1%
James Dudley
26.6%
Stu Hart
20.7%
Johnny Rodz
19.8%
Bob Armstrong
18.2%
Eddie Graham
16.9%
Baron Mikel Scicluna
13.3%

You're not logged in!

Compare scores with friends on all Sporcle quizzes.
Sign Up with Email
OR
Log In

You Might Also Like...

Show Comments

Extras

Top Quizzes Today


Score Distribution

Your Account Isn't Verified!

In order to create a playlist on Sporcle, you need to verify the email address you used during registration. Go to your Sporcle Settings to finish the process.